000 01335nam a2200313 i 4500
003 DO-SdBNP
005 20231102155449.0
006 a||||dr|||| 00| 0
007 ta
008 231102t2001 dr a|||| |||| 00| 0 spa d
020 _a8482614053
040 _aDO-SdBNP
_bspa
_cBNPHU
_erda
082 4 _222
_bU75p
245 1 0 _aPráctica de laboratorio física 2:
_benergía, movimiento y principios de conservación. cuarto de bachillerato. 2do. curso/segundo ciclo. /
_cJosé Ureña Acosta; ilustración: Ruddy Núñez; editora, Claudia Libre de Vargas
246 1 4 _aPráctica de laboratorio física dos:
_bcuarto de bachillerato segundo. curso/segundo ciclo.
246 1 3 _aPráctica de laboratorio física dos:
_benergía, movimiento y principios de conservación.
246 1 3 _aPráctica de laboratorio física dos:
_bcuarto de bachillerato segundo curso / segundo ciclo.
264 4 _aSanto Domingo :
_bSantillana,
_c2001
300 _a39 páginas :
_bIlustraciones ;
_c27 cm.
336 _2rdacontent
_atexto
_btxt
337 _2rdamedia
_asin mediación
_bn
338 _2rdacarrire
_avolumen
_bnc
490 _aSantillana/Educación Media.
490 _aUMBRAL.
590 _aInventariado 2023 / MF
700 1 _aNúñez, Ruddy,
_923171
_eilustrador
700 1 _aLibre de Vargas, Claudia,
_eeditor
_984561
942 _2ddc
_cLF2
999 _c55385
_d55385